000 02106cam a22004697a 4500
003 CHAP
005 20251202083412.0
008 010628d2000 mx abd r 00110 spa d
010 _a84279
011 _a85251
020 _a9709179012
035 _a95782
040 _cCHAP
082 0 4 _a631.4063
_bQ8
100 1 0 _aQuintero Lizaola, Roberto
_e, ed.
_993423
245 1 3 _aLa edafología y sus perspectivas al siglo XXI
_c/ed. por Roberto Quintero Lizaola [y otros]
260 _aMexico, D.F. :
_bColegio de Postgraduados en Ciencias Agrícolas,
_c2000
300 _a2v. :
_bilus. ; gráfs. ; mapas ; cuadros
590 _aBATCH-UPD
_b10
_c20130110
_lUCH01
_h0808
590 _aBATCH-UPD
_b10
_c20130410
_lUCH01
_h0445
590 _aBATCH-UPD
_b10
_c20130914
_lUCH01
_h1033
590 _aCONVERSION
_b10
_c20130109
_lUCH01
_h1347
650 1 4 _aErosión
_xPrevención y control.
_937337
650 1 4 _aMedio ambiente
_xContaminación.
_974069
650 1 4 _aSuelos
_xBiología.
_9110219
650 1 4 _aSuelos
_xClasificación.
_9110239
650 1 4 _aSuelos
_xCongresos.
_9110281
650 1 4 _aSuelos
_xConservación.
_9110283
650 1 4 _aSuelos
_xDegradación.
_9110336
700 0 _aCorlay Chee, Langen.
_928007
700 0 _aReyna Trujillo, Teresa de Jesús.
_997060
710 0 _aCongreso Universitario Internacional de Edafología Nicolás Aguilera
_d( 2000 )
_927156
901 _aBK
905 _aMarco A. Mendoza T.
942 _cLIBRO
949 _a631.4063 Q8
_bBC
_cCONG
_d95782
_eCONG
_fv.2 c.2
_h100606
_i95782
_sb
949 _a631.4063 Q8
_bBC
_cCONG
_d957822
_eCONG
_fv.1 c.2
_h100605
_i95782
_sb
949 _a631.4063 Q8
_bBC
_cLIBRO
_d33724000838447
_eLIBRO
_fv.1
_h100603
_i95782
_si
949 _a631.4063 Q8
_bBC
_cLIBRO
_d33724000838454
_eLIBRO
_fv.2
_h100604
_i95782
_sb
949 _a631.4063 Q8
_bBC
_cLIBRO
_d33724002211108
_eLIBRO
_fv.1 c.3
_gSustituciØn
_h81871 sust.
_i95782
_mEste ejemplar sustituye al ejemplar 6 del registro bib. 71427
_st
949 _a631.4063 Q8
_bBC
_cLIBRO
_d33724002211149
_eLIBRO
_fv.2 c.3
_gSustituciØn
_h81871 sust.
_i95782
_mEste ejemplar sustituye al ejemplar 6 del registro bib. 71427
_st
999 _c84279
_d84279